00317 a2200133 450000100060000002000180000604000240002410000170004824000310006524500260009630000090012236200090013165000430014047572 a9780746096529 cAnchieta - Aquarius aTyler, Jenny10aThe three little pigsleng10aThe three little pigs a20p.0 a2008 4aLiteratura infanto-juvenil em inglês